000
00330nam a22001457a 4500
008
221018b ||||| |||| 00| 0 eng d
020
_a
9780736062275
041
_a
eng
080
_a
37
082
_a
37
100
_a
22.2
101
_a
SPORT
245
_a
CHRISTIAN PATHS TO HEALTH AND WELLNESS
_c
WALTERS P
942
_2
udc
_c
BK
999
_c
58593
_d
58593